000 00863nam a2200241Ia 4500
003 OSt
005 20220923221816.0
006 a|||||r|||| 00| 0
007 ta
008 220922b |||||||| |||| 00| 0 hin d
024 _a200,206
037 _cTextual
040 _aARTS
_cARTS
_bhin
041 _2hin
_ahin
082 _aQ3:45, 152L9
100 _aजैन, लक्ष्मीचन्द्र
245 0 _aअन्तर्दवल्दों के पार गोम्मटेश्वर बाहु बली
246 _aAntardavaldoan ke pār gommaṭeshvar bāhu balī
260 _aनयी दिल्ली
_b भरतीय ज्ञानपीठ
_c1979
300 _a148पृ.
_ccm.
942 _hQ3:45, 152L9
_cTEXL
_2CC
999 _c351878
_d351878